000 00528nam a2200181Ia 4500
008 100917s9999 xx 000 0 und d
082 _b49910
100 _aबोकील वि. वि.
245 _aभाऊ भाऊ (आ. 2 री.)
260 _bकॉन्टिनेंटल प्रकाशन
_c1962
300 _a142
365 _b0
520 _aकथा
630 _aभाऊ भाऊ (आ. 2 री.)
650 _aकथा
730 _aभाऊ भाऊ (आ. 2 री.)
942 _cBOOK
999 _c655304
_d655301